| 000 | 01426nam a2200325 i 4500 | ||
|---|---|---|---|
| 003 | EG-ScBUE | ||
| 005 | 20231029121200.0 | ||
| 008 | 110823s2007 ua f b 000 0 aara d | ||
| 017 | _a2007 / 14258 | ||
| 020 | _a9775454727 | ||
| 040 |
_aEG-ScBUE _bara _erda _cEG-ScBUE _dEG-ScBUE |
||
| 043 | _an-us--- | ||
| 082 | 0 | 4 |
_222 _a973.3092 _bإ ي ز |
| 100 | 1 |
_926847 _aإيزاكسون، والتر، _eمؤلف. |
|
| 240 | 1 | 0 |
_aBenjamin Franklin : an American life. _lEnglish |
| 245 | 1 | 0 |
_aبنجامين فرانكلين : _bحياة أمريكية / _cتأليف والتر إيزاكسون ؛ ترجمة الدكتور أحمد أمين الجمل. |
| 264 | 1 |
_aالقاهرة : _bالجمعية المصرية لنشر المعرفة والثقافة العالمية، _c2007. |
|
| 300 |
_a553 صفحة ؛ _c24 سم |
||
| 336 |
_2rdacontent _aنص _btxt |
||
| 337 |
_2rdamedia _aبدون وسيط _bn |
||
| 338 |
_2rdacarrier _aمجلد _bnc |
||
| 504 | _aيشتمل على إرجاعات ببليوجرافية. | ||
| 546 | _aالنص باللغة العربية وتم ترجمته من اللغة الإنجليزية. | ||
| 600 | 1 | 7 |
_926850 _aفرانكلين، بنيامين، _d1706-1790. _2BUEsh |
| 650 | 7 |
_926848 _aالسياسيون الأمريكان _vتراجم. _2BUEsh |
|
| 653 | _cAugust2011 | ||
| 655 | _vReading book | ||
| 700 | 1 |
_926849 _aجمل، أحمد أمين، _eمترجم. |
|
| 942 |
_2ddc _cBB |
||
| 999 |
_c15893 _d15893 |
||